| 000 | 00462nam a22001457a 4500 | ||
|---|---|---|---|
| 008 | 131213b xxu||||| |||| 00| 0 eng d | ||
| 050 | _aBX4705.V3145.A31 | ||
| 100 |
_aVanier, Jean _95702 |
||
| 245 |
_aJean Vanier _bOur life together, a memoir in letters _cJean Vanier |
||
| 260 |
_aLondon _bDarton, Longman and Todd Ltd. _c2008 |
||
| 300 |
_a565p.; _c23cm. |
||
| 600 |
_aVanier, Jean _95703 |
||
| 610 |
_aL'Arche (Association) _95704 |
||
| 942 |
_2lcc _cMONOGRAPH _01 |
||
| 999 |
_c119261 _d119261 |
||